<?xml version="1.0" encoding="UTF-8"?>
<record
    xmlns:xsi="http://www.w3.org/2001/XMLSchema-instance"
    xsi:schemaLocation="http://www.loc.gov/MARC21/slim http://www.loc.gov/standards/marcxml/schema/MARC21slim.xsd"
    xmlns="http://www.loc.gov/MARC21/slim">

  <leader>01249nam a2200205Ia 4500</leader>
  <datafield tag="952" ind1=" " ind2=" ">
    <subfield code="0">0</subfield>
    <subfield code="1">0</subfield>
    <subfield code="4">0</subfield>
    <subfield code="7">0</subfield>
    <subfield code="a">18</subfield>
    <subfield code="b">18</subfield>
    <subfield code="d">2011-01-07</subfield>
    <subfield code="l">0</subfield>
    <subfield code="o">K5015.4 B87</subfield>
    <subfield code="p">18 000699</subfield>
    <subfield code="r">2012-06-26</subfield>
    <subfield code="t">1</subfield>
    <subfield code="w">2012-06-26</subfield>
    <subfield code="y">LB</subfield>
  </datafield>
  <datafield tag="952" ind1=" " ind2=" ">
    <subfield code="0">0</subfield>
    <subfield code="1">0</subfield>
    <subfield code="4">0</subfield>
    <subfield code="7">0</subfield>
    <subfield code="a">21</subfield>
    <subfield code="b">21</subfield>
    <subfield code="d">2016-10-20</subfield>
    <subfield code="l">2</subfield>
    <subfield code="o">K5015.4 B87 2004</subfield>
    <subfield code="p">21 003321</subfield>
    <subfield code="r">2018-08-18</subfield>
    <subfield code="s">2018-08-18</subfield>
    <subfield code="t">1</subfield>
    <subfield code="w">2016-10-20</subfield>
    <subfield code="y">LB</subfield>
  </datafield>
  <datafield tag="999" ind1=" " ind2=" ">
    <subfield code="c">74126</subfield>
    <subfield code="d">74126</subfield>
  </datafield>
  <controlfield tag="008">120626s2004    sp            000 0 spa d</controlfield>
  <datafield tag="020" ind1=" " ind2=" ">
    <subfield code="a">8481647128</subfield>
  </datafield>
  <datafield tag="050" ind1=" " ind2=" ">
    <subfield code="a">K5015.4</subfield>
    <subfield code="b">B87 2004</subfield>
  </datafield>
  <datafield tag="100" ind1=" " ind2=" ">
    <subfield code="a">Bustos Ram&#xED;rez, Juan Jos&#xE9;</subfield>
    <subfield code="e">autor</subfield>
  </datafield>
  <datafield tag="245" ind1="1" ind2="0">
    <subfield code="a">Nuevo sistema de derecho penal</subfield>
    <subfield code="c"> / Juan J. Bustos Ram&#xED;rez, Hern&#xE1;n Hormaz&#xE1;bal Malar&#xE9;e</subfield>
  </datafield>
  <datafield tag="260" ind1="3" ind2=" ">
    <subfield code="a">Madrid, Espa&#xF1;a</subfield>
    <subfield code="b"> : Trotta</subfield>
    <subfield code="c">, 2004</subfield>
  </datafield>
  <datafield tag="300" ind1=" " ind2=" ">
    <subfield code="a">142 p&#xE1;ginas</subfield>
  </datafield>
  <datafield tag="490" ind1=" " ind2=" ">
    <subfield code="a">Colecci&#xF3;n Estructuras y procesos. Serie Derecho</subfield>
  </datafield>
  <datafield tag="505" ind1=" " ind2=" ">
    <subfield code="a">Control social y derecho penal
Pol&#xED;tica criminal y derecho penal subjetivo
La teor&#xED;a de las normas
Los problemas de legitimaci&#xF3;n del derecho penal 
Introducci&#xF3;n a la teor&#xED;a del delito
La teor&#xED;a del delito o del injusto de acci&#xF3;n doloso
El injusto de acci&#xF3;n culposo
El delito de omisi&#xF3;n doloso y culpuso
La teor&#xED;a del error
Autor&#xED;a y participaci&#xF3;n
Grados de desarrollo del delito
La teor&#xED;a del sujeto responsable: La exigibilidad
La teor&#xED;a de la determinaci&#xF3;n de la pena</subfield>
  </datafield>
  <datafield tag="519" ind1=" " ind2=" ">
    <subfield code="a">Plan Flexible / </subfield>
    <subfield code="b">Maestr&#xED;a en Derecho Penal / </subfield>
    <subfield code="c">Teor&#xED;a del Delito (P02-1) / </subfield>
    <subfield code="d">(21 003321)</subfield>
  </datafield>
  <datafield tag="519" ind1=" " ind2=" ">
    <subfield code="a">Material Complementario / </subfield>
    <subfield code="d">(18 000699)</subfield>
  </datafield>
  <datafield tag="650" ind1="1" ind2="4">
    <subfield code="a">DERECHO PENAL</subfield>
    <subfield code="x">FILOSOF&#xCD;A</subfield>
  </datafield>
  <datafield tag="700" ind1=" " ind2=" ">
    <subfield code="a">Hormaz&#xE1;bal Malar&#xE9;e, Hern&#xE1;n</subfield>
    <subfield code="e">autor</subfield>
  </datafield>
  <datafield tag="942" ind1=" " ind2=" ">
    <subfield code="c">LB</subfield>
  </datafield>
</record>
